Famous 'Pa' People by Image Quiz Stats

Quiz Updated May 18, 2016

Also try: Famous 'Br' People
Challenge
Share
Tweet
Score 0/20 Timer 05:00
5 Plays Today
% Correct
Dolly Parton
94.4%
Gwyneth Paltrow
91.1%
Sarah Palin
88.2%
Al Pacino
82.2%
Robert Pattinson
76.3%
Luciano Pavarotti
69.2%
Jim Parsons
60.7%
Ellen Page
57.5%
Rosa Parks
55%
Tony Parker
53.1%
% Correct
Anna Paquin
44.7%
Arnold Palmer
43.4%
Dev Patel
42.4%
Bill Paxton
40.8%
Manny Pacquiao
40.7%
Mandy Patinkin
37.6%
Hayden Panettiere
36%
Sarah Paulson
23.6%
Jared Padalecki
15.3%
Louis Pasteur
10%

You're not logged in!

Compare scores with friends on all Sporcle quizzes.
Sign Up with Email
OR
Log In

You Might Also Like...

Show Comments

Extras

Top Quizzes Today


Score Distribution

Your Account Isn't Verified!

In order to create a playlist on Sporcle, you need to verify the email address you used during registration. Go to your Sporcle Settings to finish the process.